000 00751nam a2200181Ia 4500
008 090124s9999 xx 000 0 und d
082 _b35246
100 _aप्रभावळकर दिलीप
245 _a दिलीप प्रभावळकरांच्या एकांकिका
250 _a0
260 _bभारद्वाज प्रकाशन
_c1998
300 _a51
600 _aप्रभावळकर दिलीप
630 _a दिलीप प्रभावळकरांच्या एकांकिका
700 _aप्रभावळकर दिलीप
730 _a दिलीप प्रभावळकरांच्या एकांकिका
942 _cBOOK
999 _c101366
_d101366